000 00716nam a2200229Ia 4500
003 OSt
005 20220925210359.0
006 a|||||r|||| 00| 0
007 ta
008 220923b |||||||| |||| 00| 0 eng d
037 _cGeneral Book
040 _aRTL
_cRTL
_beng
041 _2eng
_aeng
082 _aY:5.291sP11, Q2
100 _aCensus of India 2011
245 0 _aAtlas on Houses household amenities and assets Andaman &Nicobar Islands Daman & Diu Dadar Haveli And Lakshadweep
260 _aIndia
_bGovt. of India
_c2011
300 _a216p
_ccm.
500 _aBibliography: P 171-186
942 _hY:5.291sP11, Q2
_cGB
_2CC
999 _c554911
_d554911